BIBLIOTECA

SENCICO

Perú : (Registro nro. 3840)

Detalles MARC
000 -LEADER
fixed length control field 01197nam a22002777a 4500
003 - CONTROL NUMBER IDENTIFIER
control field PE SENCICO BE
005 - DATE AND TIME OF LATEST TRANSACTION
control field 20251020182627.0
008 - FIXED-LENGTH DATA ELEMENTS--GENERAL INFORMATION
fixed length control field 230220b |||||||| |||| 00| 0 eng d
020 ## - INTERNATIONAL STANDARD BOOK NUMBER
International Standard Book Number 978-612-4221-44-6
040 ## - CATALOGING SOURCE
Original cataloging agency PE SENCICO BE
Transcribing agency PE SENCICO BE
082 ## - DEWEY DECIMAL CLASSIFICATION NUMBER
Classification number 720.985
Item number M88
100 1# - MAIN ENTRY--PERSONAL NAME
9 (RLIN) 651
Personal name Mujica Pinilla, Marisa
Relator term autor
245 1# - TITLE STATEMENT
Title Perú :
Remainder of title arquitectura y espacios sagrados /
Statement of responsibility, etc. textos, Marisa Mujica, María Helena Tord ; prólogo, José García Bryce ; comité consultivo, José Canziani, Frederick Cooper, Jean Pierre Crousse ... [y otros].
250 ## - EDITION STATEMENT
Edition statement 1a ed.
260 ## - PUBLICATION, DISTRIBUTION, ETC.
Place of publication, distribution, etc. Lima :
Name of publisher, distributor, etc. Universidad de San Martín de Porres, Facultad de Ciencias de la Comunicación, Turismo y Psicología, Facultad de Ingeniería y Arquitectura :
-- Forma & imagen,
Date of publication, distribution, etc. 2016
300 ## - PHYSICAL DESCRIPTION
Extent 333 p. :
Other physical details il. col.,
Dimensions 30 cm.
504 ## - BIBLIOGRAPHY, ETC. NOTE
Bibliography, etc. note Bibliografía: p. 325-333.
650 14 - SUBJECT ADDED ENTRY--TOPICAL TERM
9 (RLIN) 652
Topical term or geographic name entry element Arquitectura peruana
650 24 - SUBJECT ADDED ENTRY--TOPICAL TERM
9 (RLIN) 380
Topical term or geographic name entry element Arquitectura religiosa
650 24 - SUBJECT ADDED ENTRY--TOPICAL TERM
9 (RLIN) 653
Topical term or geographic name entry element Monumentos históricos
650 24 - SUBJECT ADDED ENTRY--TOPICAL TERM
9 (RLIN) 570
Topical term or geographic name entry element Arquitectura urbana
700 1# - ADDED ENTRY--PERSONAL NAME
9 (RLIN) 654
Personal name Tord, María Helena
700 1# - ADDED ENTRY--PERSONAL NAME
9 (RLIN) 655
Personal name García Bryce, José
910 ## - USER-OPTION DATA (OCLC)
-- hfp
-- hfp
942 ## - ADDED ENTRY ELEMENTS (KOHA)
Source of classification or shelving scheme Dewey Decimal Classification
Koha item type Libros
Classification part 720.985
Item part M88
Existencias
Fecha de la última vez que lo usaron Número de ingreso o de inventario Pago total Signatura topográfica completa Precio efectivo desde Tipo de documento Estado perdido Sistema de clasificación Estado dañado No es para préstamo Retirado Ubicación permanente Ubicación actual Fecha de adquisición
20/02/2023 16332   720.985/M88 20/02/2023 Libros   Dewey Decimal Classification       Biblioteca Central Lima Biblioteca Central Lima 20/02/2023